Medzinárodné patentové triedenie. sekcia E, stavebníctvo

Gespeichert in:
Bibliographische Detailangaben
Format: Buch
Sprache:Slowakisch
Veröffentlicht: Banská Bystrica : Úrad priemyselného vlastníctva Slovenskej republiky, 1999
Ausgabe:7. vyd.
Schlagworte:
ISBN:8088994020
Online-Zugang: Volltext
Tags: Tag hinzufügen
Keine Tags, Fügen Sie den ersten Tag hinzu!

MARC

LEADER 00000nam a2200000 4500
003 SK-BrCVT
005 20220617203133.0
006 a e f 000 0
008 040203s1999 xo e f 000 0slo d
020 |a 8088994020 
035 |a CVTIDW0953344 
040 |b slo  |c CVTISR  |e AACR2  |a CVTI SR 
041 0 |a slo 
044 |a xo  |c SK 
080 |a 025.47 MPT  |2 UDC-MRF 
245 1 0 |a Medzinárodné patentové triedenie.  |n sekcia E,  |p stavebníctvo 
250 |a 7. vyd. 
260 |a Banská Bystrica :  |b Úrad priemyselného vlastníctva Slovenskej republiky,  |c 1999 
300 |a 93 s. :  |b tab. ; 
655 7 |a príručky  |2 SNKPH 
852 |a CVTISR  |b 1 
910 |b A589428  |b A573322 
919 |a 80-88994-02-0 
974 |a maria.Geracsekova  |f Knihy 
992 |a APP 
999 |c 114410  |d 114410